000 00550nam a2200205Ia 4500
003 OSt
005 20240904122137.0
008 220927b |||||||| |||| 00| 0 eng d
020 _a009129200X
037 _cTextual
040 _aSDCL
_cSDCL
_beng
041 _2eng
_aeng
082 _aYv L7
100 _aGiddens, Anthony
_9374627
245 0 _aStudies in social and political theory.
260 _aLondon :
_bHutchinson,
_c1977.
300 _a416p.
942 _hYv L7
_cTEXL
_2CC
999 _c733684
_d733684